Statistics for Cricket: Fastest to 7000 ODI Runs

Click here to take the quiz!

General Stats

  • This quiz has been taken 10 times
  • The average score is 14 of 20

Answer Stats

CountryYearInningsAnswer% Correct
WI2001183Brian Lara
100%
WI2009189Chris Gayle
100%
AUS2004192Ricky Ponting
100%
IND2016161Virat Kohli
100%
SA2014166AB de Villiers
90%
SA2017150Hashim Amla
90%
IND1998189Sachin Tendulkar
90%
SA2004188Jacques Kallis
80%
IND2004204Rahul Dravid
80%
AUS2012195Michael Clarke
70%
IND2012189MS Dhoni
70%
IND2018181Rohit Sharma
70%
NZ2018188Ross Taylor
70%
IND2001174Sourav Ganguly
70%
BAN2020204Tamim Iqbal
50%
AUS2000198Mark Waugh
40%
PAK2000194Saeed Anwar
40%
PAK1993204Javed Miandad
30%
WI1991187Desmond Haynes
20%
PAK2006199Mohammad Yousuf
20%

Score Distribution

Percentile by Number Answered

Percent of People with Each Score

Your Score History

You have not taken this quiz